• 首页
  • 本馆介绍
  • 公告通知
  • 最新文献
  • 馆藏检索
  • 电子资源
  • 读者导购
  • 参考咨询
  • 我的图书馆
  • 登录
  • 详细信息显示
  • 放入我的书架
  • 预约/预借图书
  • 作者相关作品
  • 分类相关作品
  • 丛书相关作品
  • 出版社相关作品

书目信息

  • 表格格式
  • 工作单格式
  • 卡片格式
题名:
中国古代修养寓言选
    
 
作者: 祝余 编写
分册:  
出版信息: 上海   上海人民出版社  1983.11
页数: 282页
开本: 20cm
丛书名:
单 册:
中图分类: I276.4
科图分类:
主题词: 寓言--中国--古代
电子资源:
ISBN:
000 00565nam0 2200205 45
001 0312221749
005 20050414093357.3
010    @dCNY0.62
091    @a3074.683
100    @a20031222d1983 km y0chiy0120 ea
101    @achi
105    @a z 000yy
200 1  @a中国古代修养寓言选@AZhong Guo Gu Dai Xiu Yang Yu Yan Xuan@f祝余编写@FZhu Yu Bian Xie
210    @a上海@c上海人民出版社@d1983.11
215    @a282页@d20cm
606 0  @a寓言@y中国@z古代
690    @aI276.4@v3
701 0  @a祝余@4编写
801    @aCN@bTSTCL@c20031222
905    @dI276.4@e39@b173819@f1
    
    中国古代修养寓言选/祝余编写.-上海:上海人民出版社,1983.11
    282页;20cm
    
    
    ISBN :CNY0.62
    
●
相关链接 在E读中查询图书 在五车中查询图书 在当当中查询图书 在豆瓣中查询图书


正题名:中国古代修养寓言选     索取号:I276.4/39         预约/预借

序号 登录号 条形码 馆藏地/架位号 状态 备注
1 0101743   000037622   第二借阅区/ [索取号:I276.4/39] 在馆    
2 0101744   000037597   第二借阅区/ [索取号:I276.4/39] 在馆    
3 0101745   000037579   第二借阅区/ [索取号:I276.4/39] 在馆    
4 0173818   000037613   第二借阅区/ [索取号:I276.4/39] 在馆    
5 0173819   001993533   第二借阅区/ [索取号:I276.4/39] 在馆    
6 0173820   000037588   第一样本阅览室/ [索取号:I276.4/39] 在馆    
唐山师范学院图书馆 欢迎您!
大连网信软件有限公司© 版权所有